[Event "ESP-ch 88th"]
[Site "Marbella"]
[Date "2023.10.20"]
[Round "8"]
[White "Kita Ruiz, Ichiro"]
[Black "Perez Perez, Gabriel"]
[Result "1/2-1/2"]
[WhiteElo "1987"]
[BlackElo "2223"]
[PlyCount "79"]
[EventDate "2023.10.13"]
[EventType "swiss"]
[EventRounds "9"]
[EventCountry "ESP"]
[SourceTitle "Mega2024 Update 01"]
[Source "Chessbase"]
[SourceDate "2023.11.12"]
[SourceVersion "1"]
[SourceVersionDate "2023.11.12"]
[SourceQuality "1"]

1. c4 b6 2. b3 Bb7 3. Bb2 e6 4. e3 f5 5. Nf3 Nf6 6. Be2 g6 7. 0-0 Bg7 8. d4 0-0 9. Nc3 Qe7 10. d5 Na6 11. Rc1 e5 12. a3 e4 13. Nd4 c5 14. Nc2 d6 15. g3 Nd7 16. Ne1 Ne5 17. h4 h6 18. Kg2 g5 19. Rh1 f4 20. Nxe4 f3+ 21. Nxf3 Nxf3 22. Bxg7 Kxg7 23. Bxf3 g4 24. Bxg4 Qxe4+ 25. f3 Qxe3 26. Re1 Qd4 27. Qc2 Bc8 28. Re4 Qf6 29. Rce1 Bxg4 30. Rxg4+ Kh8 31. Re6 Qxf3+ 32. Kh3 Rf6 33. Rxf6 Qxf6 34. Rg6 Qf1+ 35. Kh2 Qf8 36. Qb2+ Kh7 37. Qc2 Kh8 38. Qb2+ Kh7 39. Qc2 Kh8 40. Qb2+ 1/2-1/2

[Event "ESP-ch 88th"]
[Site "Marbella"]
[Date "2023.10.19"]
[Round "7"]
[White "Terron Elena, Francisco Miguel"]
[Black "Kita Ruiz, Ichiro"]
[Result "0-1"]
[WhiteElo "2135"]
[BlackElo "1987"]
[PlyCount "66"]
[EventDate "2023.10.13"]
[EventType "swiss"]
[EventRounds "9"]
[EventCountry "ESP"]
[SourceTitle "Mega2024 Update 01"]
[Source "Chessbase"]
[SourceDate "2023.11.12"]
[SourceVersion "1"]
[SourceVersionDate "2023.11.12"]
[SourceQuality "1"]

1. d4 d5 2. c4 c6 3. Nc3 Nf6 4. Nf3 dxc4 5. a4 Bf5 6. e3 e6 7. a5 Bb4 8. Qa4 Qe7 9. Bxc4 0-0 10. 0-0 Nbd7 11. Nh4 Bg4 12. f3 Bh5 13. g4 Bg6 14. Nxg6 hxg6 15. Qc2 c5 16. a6 bxa6 17. Bxa6 cxd4 18. exd4 Nb6 19. Ne4 Nfd5 20. Qf2 Rab8 21. Bg5 f6 22. Bd2 g5 23. Rfe1 Bxd2 24. Qxd2 Nf4 25. h4 Nbd5 26. hxg5 fxg5 27. Bf1 Rb3 28. Nc3 Qb7 29. Nxd5 Qxd5 30. Re3 Rb7 31. Qc3 Rfb8 32. Ra5 Qd6 33. Ra6 Nh3+ 0-1

[Event "ESP-ch 88th"]
[Site "Marbella"]
[Date "2023.10.16"]
[Round "4"]
[White "Mohamed Garcia, Ismael"]
[Black "Kita Ruiz, Ichiro"]
[Result "0-1"]
[WhiteElo "1848"]
[BlackElo "1987"]
[PlyCount "126"]
[EventDate "2023.10.13"]
[EventType "swiss"]
[EventRounds "9"]
[EventCountry "ESP"]
[SourceTitle "Mega2024 Update 01"]
[Source "Chessbase"]
[SourceDate "2023.11.12"]
[SourceVersion "1"]
[SourceVersionDate "2023.11.12"]
[SourceQuality "1"]

1. d4 d5 2. Bf4 Nf6 3. e3 c5 4. c3 Nc6 5. Nd2 Bf5 6. Ngf3 Qb6 7. Qb3 c4 8. Qxb6 axb6 9. b3 b5 10. Be2 e6 11. 0-0 Ba3 12. bxc4 bxc4 13. Nh4 Bc2 14. Rae1 h6 15. Nhf3 b5 16. Ne5 Nxe5 17. dxe5 Ne4 18. Nxe4 dxe4 19. f3 0-0 20. Rf2 Bd3 21. fxe4 Bxe4 22. Bf3 Bxf3 23. gxf3 Rfd8 24. Rg2 Kh7 25. Rc2 Rd3 26. Bg3 Bc5 27. Bf2 Ra3 28. Rb2 Ba7 29. Ree2 Ra5 30. Rbc2 Kg6 31. Kg2 Kf5 32. e4+ Kxe5 33. Bg3+ Kf6 34. Be1 Be3 35. Rb2 Bf4 36. Rec2 Ke7 37. Bf2 Be3 38. Bxe3 Rxe3 39. Rb4 Kd6 40. a4 Kc5 41. axb5 Rxb5 42. Kf2 Rd3 43. Rxb5+ Kxb5 44. Rb2+ Kc6 45. Rc2 g5 46. Ke2 Kd6 47. h4 Ke5 48. hxg5 hxg5 49. Ra2 Rxc3 50. Ra7 f5 51. exf5 exf5 52. Rd7 Rc2+ 53. Kd1 Rf2 54. Rc7 Rxf3 55. Rxc4 Re3 56. Kd2 Re4 57. Rc1 g4 58. Rf1 f4 59. Rg1 g3 60. Rg2 Kf5 61. Kd3 Re3+ 62. Kd2 Kg4 63. Rg1 Re8 0-1

[Event "Trevis San Miguel op 26th"]
[Site "Trevis"]
[Date "2020.09.20"]
[Round "3"]
[White "Kita Ruiz, Ichiro"]
[Black "Garcia Garcia, Aida"]
[Result "1/2-1/2"]
[WhiteElo "1686"]
[BlackElo "1627"]
[PlyCount "75"]
[EventDate "2020.09.19"]
[EventType "swiss"]
[EventRounds "3"]
[EventCountry "ESP"]
[SourceTitle "EXT 2024"]
[Source "ChessBase"]
[SourceDate "2023.10.10"]
[SourceVersion "1"]
[SourceVersionDate "2023.10.10"]
[SourceQuality "1"]

1. c4 e5 2. Nc3 d6 3. Nf3 f5 4. e3 Be7 5. d4 e4 6. Nd2 Nf6 7. Be2 0-0 8. 0-0 Qe8 9. f3 exf3 10. Bxf3 Nc6 11. Re1 Qg6 12. Nf1 Ne4 13. Nd5 Bd8 14. Qc2 Ng5 15. Ng3 Nxf3+ 16. gxf3 Rf7 17. Re2 Ne7 18. Rg2 Nxd5 19. cxd5 Bh4 20. Bd2 h6 21. Rf1 Qf6 22. Nh5 Qe7 23. f4 Qe4 24. Qxe4 fxe4 25. Be1 Bf6 26. Nxf6+ Rxf6 27. Rc2 Bh3 28. Rff2 Rc8 29. Rfd2 Rf5 30. Rc4 Rxd5 31. Rdc2 c6 32. Rb4 Rb5 33. Rxb5 cxb5 34. Rxc8+ Bxc8 35. Bb4 d5 36. Bc5 a5 37. b4 a4 38. a3 1/2-1/2